Roľnícka odysea Marka Čulena Ľudia zo zažltnutých fotografií

Bibliographic Details
Main Author: Dunajovec, Jozef (Author)
Format: Article
Language:Slovak
PhysicalDescription:Obr. 2.
Subjects:

MARC

LEADER 00000nab a2200000 a 4500
001 vtls000020025
003 SK-MaSNL
005 20260305015952.0
008 111103c1979 xo 0 slo
015 |a SNBRB19rr/mm-uuuuu 
035 |a CL0030119 
040 |a SNKBUCL  |b slo  |c SNKBUCL  |e AACR2 
041 0 |a slo 
044 |a xo  |c SK 
080 |a 329.15(437.6)  |2 1981 
080 |a 92 Čulen, Marek  |2 1981 
100 1 |a Dunajovec, Jozef  |4 aut  |9 280044 
245 1 0 |a Roľnícka odysea Marka Čulena  |b Ľudia zo zažltnutých fotografií  |c Jozef Dunajovec 
300 |b Obr. 2. 
600 1 7 |a Čulen, Marek,  |d 1887-1957  |2 snkbucl  |9 48943 
655 7 |a články z novín a časopisov  |2 snkbucl  |9 267496 
773 0 |t Nové slovo  |g Roč. 21, č. 8 (22. 2. 1979), s. 14 
850 |a Slovenská národná knižnica v Martine  |a MTA001 
852 |a SNK  |b KIS3GCP 
958 |a RK 
992 |a RBX 
999 |c 3278016  |d 3279946